[Event "First Saturday 2011 februar FM-D"]
[Site "Budapest"]
[Date "2011.02.12"]
[Round "8"]
[White "Hetesi, Zoltan"]
[Black "Vujosevics, Eszter"]
[Result "0-1"]
[WhiteElo "1527"]
[BlackElo "1387"]
[PlyCount "110"]
[EventDate "2011.02.05"]

1. d4 d5 2. Bf4 Nf6 3. e3 c5 4. c3 Nc6 5. Bb5 Bd7 6. dxc5 a6 7. Bxc6 Bxc6 8.
Nf3 Bb5 9. Nd4 Bd7 10. Nd2 e6 11. b4 g6 12. N2f3 Bg7 13. Bg5 Qe7 14. Ne5 Bc8
15. Qf3 h6 16. Bh4 g5 17. Bg3 Ne4 18. Rc1 h5 19. h4 g4 20. Qd1 Nxg3 21. Qa4+
Kf8 22. fxg3 Bxe5 23. Ne2 Qc7 24. Nf4 Bg7 25. O-O Bh6 26. Qd1 e5 27. Nxd5 Qc6
28. Rf6 Be6 29. c4 Rd8 30. Qd3 Bg7 31. Rf2 b5 32. e4 bxc4 33. Qxc4 Bh6 34. Re1
Kg7 35. Qc3 Bxd5 36. Qxe5+ f6 37. Qe7+ Bf7 38. e5 Rd7 39. Qxf6+ Qxf6 40. Rxf6
Re8 41. Rxa6 Bd2 42. e6 Rde7 43. Re2 Rd8 44. b5 Be8 45. a4 Bb4 46. c6 Bc5+ 47.
Kf1 Bg6 48. Re5 Rd1+ 49. Ke2 Rc1 50. b6 Bd6 51. Re3 Bb4 52. c7 Bd6 53. Ra8 Bxc7
54. Rc8 Rc2+ 55. Kd1 Bxb6 0-1

[Event "First Saturday 2011 februar FM-D"]
[Site "Budapest"]
[Date "2011.02.12"]
[Round "8"]
[White "Horvath, Lajos dr"]
[Black "Somogyi, Theodora"]
[Result "1-0"]
[WhiteElo "1626"]
[BlackElo "1203"]
[PlyCount "65"]
[EventDate "2011.02.05"]

1. Nf3 Nc6 2. d4 d5 3. c3 e6 4. Bf4 Nf6 5. h3 h6 6. Nbd2 g5 7. Bh2 Ne4 8. Ne5
Nxe5 9. Bxe5 f6 10. Bh2 Bd6 11. Nxe4 dxe4 12. e3 h5 13. Qc2 f5 14. Bxd6 Qxd6
15. O-O-O Bd7 16. Bc4 O-O-O 17. d5 Qc5 18. Qb3 Qb6 19. dxe6 Qxb3 20. exd7+ Rxd7
21. Bxb3 Re7 22. Rd5 Rf8 23. Bd1 c6 24. Rd2 Kc7 25. Bxh5 f4 26. exf4 gxf4 27.
Bg4 e3 28. fxe3 fxe3 29. Re2 Rf2 30. Bf3 Rxe2 31. Bxe2 Kd8 32. Kc2 Ke8 33. g4 {
after 17 move} 1-0

[Event "First Saturday 2011 februar FM-D"]
[Site "Budapest"]
[Date "2011.02.12"]
[Round "8"]
[White "Csetneki, Mark"]
[Black "Jones, Peter"]
[Result "1-0"]
[WhiteElo "1593"]
[BlackElo "1394"]
[PlyCount "101"]
[EventDate "2011.02.05"]

1. e4 c6 2. Nc3 d5 3. Nf3 Bg4 4. exd5 cxd5 5. d4 a6 6. Be2 Nf6 7. h3 Bh5 8. Bf4
e6 9. a3 Qb6 10. O-O Nc6 11. b4 Ne4 12. Na4 Qa7 13. Ne5 Bxe2 14. Nxc6 bxc6 15.
Qxe2 Qxd4 16. Be3 Qe5 17. Nb6 Bd6 18. f4 Nc3 19. fxe5 Nxe2+ 20. Kf2 Bxe5 21.
Nxa8 Bxa1 22. Rxa1 Nc3 23. Nc7+ Kd7 24. Nxa6 f5 25. Nc5+ Ke7 26. Re1 h6 27. Bd4
Ne4+ 28. Nxe4 fxe4 29. Bxg7 Rh7 30. Be5 Rf7+ 31. Kg3 Rf5 32. Bd4 Kf7 33. a4 e5
34. Bc5 d4 35. a5 e3 36. a6 Rg5+ 37. Kf3 Ke6 38. a7 Rg8 39. Ke4 h5 40. Re2 h4
41. Re1 Re8 42. Bxd4 exd4 43. Kxd4 Kd7 44. Rxe3 Rd8 45. Kc5 Kc7 46. Re7+ Rd7
47. Rxd7+ Kxd7 48. a8=Q Kc7 49. Qa7+ Kd8 50. Kd6 Ke8 51. Qe7# 1-0

[Event "First Saturday 2011 februar FM-D"]
[Site "Budapest"]
[Date "2011.02.13"]
[Round "9"]
[White "Somogyi, Theodora"]
[Black "Bella, Zsolt"]
[Result "0-1"]
[WhiteElo "1203"]
[BlackElo "1508"]
[PlyCount "70"]
[EventDate "2011.02.05"]

1. e4 c5 2. Nf3 Nc6 3. c3 d6 4. Bb5 Bd7 5. d3 Nf6 6. c4 a6 7. Ba4 b5 8. cxb5
axb5 9. Bxb5 Nd4 10. Bxd7+ Nxd7 11. Nxd4 cxd4 12. O-O e5 13. b4 Nf6 14. a4 d5
15. Re1 Bxb4 16. Bd2 Be7 17. Bg5 dxe4 18. dxe4 Qd7 19. Bxf6 Bxf6 20. Nd2 O-O
21. Nc4 Ra6 22. Ra2 Rfa8 23. Nb2 Be7 24. Qb3 Bd6 25. Nc4 Bc7 26. Rea1 Rb8 27.
Qc2 Rg6 28. g3 Qh3 29. f3 h5 30. a5 Qd7 31. a6 d3 32. Qd1 Qd4+ 33. Ne3 Qxe3+
34. Rf2 Bb6 35. Kf1 Qxf2# 0-1

[Event "First Saturday 2011 februar FM-D"]
[Site "Budapest"]
[Date "2011.02.13"]
[Round "9"]
[White "Vujosevics, Eszter"]
[Black "Horvath, Lajos dr"]
[Result "0-1"]
[WhiteElo "1387"]
[BlackElo "1626"]
[PlyCount "72"]
[EventDate "2011.02.05"]

1. e4 e5 2. Nf3 d6 3. Nc3 Nf6 4. Bc4 Bg4 5. d3 Nbd7 6. h3 Bh5 7. g4 Bg6 8. Bd2
c6 9. g5 Nh5 10. d4 Be7 11. Be2 Nf4 12. Bxf4 exf4 13. h4 h6 14. h5 hxg5 15. Nd2
Bh7 16. h6 gxh6 17. Rxh6 Bf8 18. Rh1 Bg7 19. Nb3 Qe7 20. d5 Bxc3+ 21. bxc3 Qe5
22. Qd2 f3 23. dxc6 bxc6 24. Rxh7 Rxh7 25. Bxf3 f5 26. O-O-O f4 27. Bg4 Rh6 28.
Re1 Nb6 29. Bf5 Na4 30. Rg1 Nxc3 31. Qe1 Qf6 32. Qd2 Kf8 33. Nd4 Ne2+ 34. Qxe2
Qxd4 35. Rd1 Qa1+ 36. Kd2 Qxa2 {after 14 move} 0-1

[Event "First Saturday 2011 februar FM-D"]
[Site "Budapest"]
[Date "2011.02.13"]
[Round "9"]
[White "Somogyi, Kristof"]
[Black "Hetesi, Zoltan"]
[Result "0-1"]
[WhiteElo "1659"]
[BlackElo "1527"]
[PlyCount "68"]
[EventDate "2011.02.05"]

1. e4 e5 2. Nf3 d5 3. Bd3 Nf6 4. Nc3 d4 5. Nb5 a6 6. Na3 Nc6 7. O-O Bg4 8. Be2
Nxe4 9. d3 Nf6 10. Nc4 Bd6 11. h3 Bh5 12. Bg5 h6 13. Bxf6 Qxf6 14. Nxd6+ Qxd6
15. Nh4 Bxe2 16. Qxe2 O-O-O 17. Nf5 Qf6 18. Qe4 g6 19. Ng3 Qe6 20. c3 f5 21.
Qe1 g5 22. Ne2 h5 23. f3 g4 24. hxg4 hxg4 25. f4 e4 26. Nxd4 Nxd4 27. cxd4 Rxd4
28. Qc3 Qb6 29. Rac1 Rc4+ 30. Rf2 Rxc3 31. Rxc3 g3 32. Rxc7+ Kxc7 33. d4 Qxd4
34. b3 Qxf2# 0-1

[Event "First Saturday 2011 februar FM-D"]
[Site "Budapest"]
[Date "2011.02.13"]
[Round "9"]
[White "Kelemen, Lajos dr"]
[Black "Somogyi, Akos"]
[Result "1-0"]
[WhiteElo "1443"]
[BlackElo "1307"]
[PlyCount "53"]
[EventDate "2011.02.05"]

1. d4 d5 2. e4 e6 3. e5 Nc6 4. Nf3 a6 5. c4 Bb4+ 6. Bd2 Nge7 7. a3 Bxd2+ 8.
Qxd2 b6 9. b4 Nf5 10. cxd5 Qxd5 11. Nc3 Qd8 12. Rd1 Nfe7 13. Bc4 Nd5 14. Nxd5
exd5 15. Bb3 Bg4 16. Qc3 Qe7 17. Qxc6+ Qd7 18. Qxa8+ Qd8 19. Qxd8+ Kxd8 20.
Bxd5 Bxf3 21. Bxf3 Ke7 22. O-O Rd8 23. Rfe1 f6 24. exf6+ Kxf6 25. d5 Rd7 26.
Re6+ Kf7 27. Rc6 1-0

[Event "First Saturday 2011 februar FM-D"]
[Site "Budapest"]
[Date "2011.02.14"]
[Round "10"]
[White "Hetesi, Zoltan"]
[Black "Kelemen, Lajos dr"]
[Result "0-1"]
[WhiteElo "1527"]
[BlackElo "1443"]
[PlyCount "70"]
[EventDate "2011.02.05"]

1. e4 c5 2. Nf3 e6 3. d4 cxd4 4. Nxd4 Nc6 5. Be3 Nf6 6. Nc3 Bb4 7. Qd3 O-O 8.
O-O-O Ne5 9. Qd2 Nxe4 10. Qe1 Nxc3 11. bxc3 Ba3+ 12. Kd2 Qc7 13. Nb5 Qa5 14.
Bd4 Nc6 15. Qe3 Nxd4 16. Qxd4 Be7 17. Bc4 d5 18. Bd3 Bf6 19. Qg4 d4 20. Qe4
dxc3+ 21. Ke1 g6 22. h4 Rd8 23. h5 Rxd3 24. Qxd3 a6 25. Nd4 Qe5+ 26. Ne2 gxh5
27. Rh3 b5 28. Qf3 Rb8 29. Rxh5 Bg5 30. Qd3 Bd2+ 31. Kf1 Qxh5 32. Qd8+ Kg7 33.
Qd4+ e5 34. Qe4 Bb7 35. Ng3 Qxd1+ 0-1

[Event "First Saturday 2011 februar FM-D"]
[Site "Budapest"]
[Date "2011.02.14"]
[Round "10"]
[White "Bella, Zsolt"]
[Black "Vujosevics, Eszter"]
[Result "0-1"]
[WhiteElo "1508"]
[BlackElo "1387"]
[PlyCount "100"]
[EventDate "2011.02.05"]

1. d4 d5 2. g3 Nc6 3. Bg2 Nf6 4. Nd2 g6 5. e3 Bg7 6. c4 e6 7. c5 b6 8. Qa4 Bd7
9. b4 Nxd4 10. Qd1 Nc6 11. Bb2 Nxb4 12. Nb3 Nc6 13. Ne2 O-O 14. O-O Qc8 15.
Ned4 Ne7 16. Rc1 e5 17. c6 Be8 18. Ba3 Qd8 19. Bxe7 Qxe7 20. Ne2 Qe6 21. Qc2
Rd8 22. Rfd1 Rd6 23. Rd3 Ng4 24. Rcd1 e4 25. Nbd4 Qe7 26. Ra3 a5 27. Nf4 g5 28.
Nf5 Qf6 29. Nxd6 Qxd6 30. Rxd5 Qxa3 31. Rxg5 Nf6 32. Bxe4 Nxe4 33. Qxe4 Qc1+
34. Kg2 Bxc6 35. Nd5 Kh8 36. Rh5 h6 37. Qe7 Qd1 38. Rf5 Bxd5+ 39. e4 Be6 40.
Rf4 Bc4 41. Kh3 Qh5+ 42. Kg2 Be6 43. h4 Bc4 44. Qxc7 b5 45. f3 Qg6 46. Qxa5 Qc6
47. a3 Be6 48. Qd2 Qc8 49. h5 Rd8 50. Qf2 Bc3 0-1

[Event "First Saturday 2011 februar FM-D"]
[Site "Budapest"]
[Date "2011.02.14"]
[Round "10"]
[White "Csetneki, Mark"]
[Black "Somogyi, Theodora"]
[Result "0-1"]
[WhiteElo "1593"]
[BlackElo "1203"]
[PlyCount "40"]
[EventDate "2011.02.05"]

1. d4 d5 2. c4 e6 3. Nc3 Nc6 4. Nf3 Nf6 5. e3 g6 6. c5 Ne4 7. Qa4 Bd7 8. Qc2 f5
9. Nd2 Nxd2 10. Bxd2 e5 11. dxe5 Nxe5 12. Nxd5 Be6 13. Nf4 Qd7 14. Nxe6 Qxe6
15. Bc3 O-O-O 16. h3 Bxc5 17. f4 Nf7 18. Bxh8 Nxh8 19. a3 Qxe3+ 20. Qe2 Qg3+
0-1